Selo Virjatino v prošlom i nastojaščem opyt etnografičeskogo izučenija russkoj kolchoznoj derevni

Bibliographic Details
Other Authors: Kušner, P.I (upr)
Format: Book
Language:Russian
PhysicalDescription:277 s., [2] fareb. fotogr. príl. 27 cm
Published: Moskva Akademija nauk SSSR 1958
Series:Trudy Universiteta etnografii im. N.N. Miklucho-Maklaja. Novaja serija
Subjects:

MARC

LEADER 00000nam a2200000 a 4500
001 vtls001335466
003 SK-MaSNL
005 20260301200525.0
008 251113s1958 RU a 0 rus
020 |c 110,00 
035 |a SNK000288437 
040 |a SNK  |b slo  |c SNK  |e AACR2 
044 |a RU 
080 |a 304(47-22)(091)"-/1955"  |2 1981 
080 |a 338(47-22)(091)"-/1955"  |2 1981 
245 1 |a Selo Virjatino v prošlom i nastojaščem  |b opyt etnografičeskogo izučenija russkoj kolchoznoj derevni  |c [otvetstvennyj redaktor N.I. Kušner] 
260 |a Moskva  |b Akademija nauk SSSR  |c 1958 
300 |a 277 s., [2] fareb. fotogr. príl.  |c 27 cm 
490 1 |a Trudy Universiteta etnografii im. N.N. Miklucho-Maklaja. Novaja serija  |v tom 41 
651 7 |a Virjatino (Rusko:obec)  |x rozvoj sociálny  |x rozvoj hospodársky  |y do r. 1955  |2 SNK  |9 579824 
700 1 |a Kušner, P.I.  |4 upr  |9 579825 
830 0 |a Trudy Universiteta etnografii im. N.N. Miklucho-Maklaja. Novaja serija  |9 579826 
999 |c 890859  |d 892789 
952 |t P60, <04>, [BOOK], {604}  |a SNK  |b SNK  |y VYP  |7 0  |p 17A0140533  |o snkIC 127385  |i snkK 1223/98  |0 0  |1 0  |4 0  |d 1998-06-25  |l 0  |r 2005-01-02 00:00:00  |w 2026-02-24